अमर काव्य (Record no. 321398)

MARC details
000 -LEADER
fixed length control field 00974nam a2200229Ia 4500
003 - CONTROL NUMBER IDENTIFIER
control field OSt
005 - DATE AND TIME OF LATEST TRANSACTION
control field 20220923214101.0
008 - FIXED-LENGTH DATA ELEMENTS--GENERAL INFORMATION
fixed length control field 220922b |||||||| |||| 00| 0 hin d
037 ## - SOURCE OF ACQUISITION
Terms of availability Textual
040 ## - CATALOGING SOURCE
Original cataloging agency ARTS
Transcribing agency ARTS
Language of cataloging hin
041 ## - LANGUAGE CODE
Source of code hin
Language code of text/sound track or separate title hin
100 ## - MAIN ENTRY--PERSONAL NAME
Personal name रसखान
245 #0 - TITLE STATEMENT
Title अमर काव्य
Remainder of title कविवर रसखान पर एक समीक्षात्मक दृष्टि और उनकी उत्तमोत्तम कविताओं का चारू-चयन दुर्गाश्ंाकर मिश्र संक
246 ## - VARYING FORM OF TITLE
Title proper/short title Amar kāvya: kavivar rasakhān par ek samīkṣhātmak dṛuṣhṭi aur unakī uttamottam kavitāoan kā chārū-chayan durgāshanākar mishra sanka0
260 ## - PUBLICATION, DISTRIBUTION, ETC.
Date of publication, distribution, etc. 1965
942 ## - ADDED ENTRY ELEMENTS (KOHA)
Classification part O152:1J58x, K5
Koha item type Textual
Source of classification or shelving scheme Colon Classification (CC)
Holdings
Withdrawn status Lost status Damaged status Not for loan Home library Current library Date acquired Total Checkouts Full call number Barcode Date last seen Price effective from Koha item type
        Arts Library Arts Library 2022-09-23   O152:1J58x K5 AL0101287 2022-09-23 2022-09-23 Textual
Copyright @ Delhi University Library System